| 000 | 00984nam a2200301 i 4500 | ||
|---|---|---|---|
| 001 | 53535 | ||
| 003 | ES-MaACL | ||
| 005 | 20230906162802.0 | ||
| 007 | t| | ||
| 008 | 031031s2002 sp ||||0| spa | ||
| 020 | _a84-8432-308-0 | ||
| 080 | _a32(4)"1945/.." | ||
| 080 | _a338.1(4)"1945/.." | ||
| 080 | _a327(4)"1945/.." | ||
| 245 | 0 | 0 |
_aEuropa desde 1945 / _cedición de Mary Fulbrook ; traducción castellana de Joan Lluís Riera. |
| 260 |
_aBarcelona : _bCrítica, _c[2002] |
||
| 300 |
_a350 p ; _c23 cm. |
||
| 490 | 1 | _aHistoria de Europa Oxford | |
| 504 | _aBibliografía: p. [305]-315. | ||
| 651 |
_aEuropa- _xPolítica y gobierno- _y1945-1989. _9141222 |
||
| 651 |
_aEuropa- _xSituación económica- _y1945-1989. _98634 |
||
| 651 |
_aEuropa- _xPolítica exterior- _y1945-1989. _9172930 |
||
| 700 | 1 |
_aFulbrook, Mary. _952992 |
|
| 700 | 1 |
_aRiera, Joan. _997107 |
|
| 830 | 1 |
_aHistoria de Europa Oxford _9182444 |
|
| 852 |
_aES-MaACL _jL-26587 |
||
| 999 |
_c53535 _d53535 |
||